000 01112cam a2200229 a 4500
001 000007673
005 20200929154245.0
008 950831s1994 cu b 001 0 spa d
020 _a959210042X
040 _aDO-SdBNP
_cWU
_dDLC
082 _aCu864.64
_bC112a
100 1 _aCaballero, Rufo,
_d1966-
_921270
245 1 0 _aAqui el problema es no morirse /
_cRufo Caballero.
260 _aLa Habana :
_bCasa Editora Abril,
_c1994.
300 _a86 p. ;
_c18 cm.
490 1 _aPinos nuevos
504 _aIncluye referencias bibliográficas.
505 0 _aTodo el cine de Pedro Almodóvar - Análisis estructural y compositivo de la tragedia Clásica Española en la película española Amantes, de Vicente Aranda - Poesía y dramaturgia en el cine latinoamericano de 1992 - La poesía visual como macrosistema del cine en la literatura -- - El pensamiento mitológico y las artes plásticas cubanas - El "Encuentro de Culturas" y el ultimo Raúl Martínez - Los Idiomas en la crítica de arte.
650 4 _aEnsayos cubanos
_95691
650 4 _aLiteratura cubana
_ySIGLO XX
_99186
830 0 _aPinos nuevos
_921271
999 _c7453
_d7453